00508 2200205 4500001002100000005001700021035002400038040001200062082001000074084001800084100001600102245005500118260002500173300002600198650001800224850001200242990001600254990001600270990001600286YOGYA00000000000670120170112140619.0 0010-081400000006419 aYOPDYOG a297.4 aK 297.4 Abd B aAbdul Manan aBuku Catatan Kegiatan Shalat Jum'at /cAbdul Manan aSemarangbAneka Ilmu a14 hlm.bilus.c21 cm aShalat Jum'at aYOPDYOG a110525-P/98 a110526-P/98 a110527-P/98